000 00532nam a2200169 4500
001 144794
003 ES-MaACL
007 t|
008 070214s1953 sp r ||||1| spa d
100 1 _aSlaughter, Frank G.
_9106773
245 1 0 _aCirujano del aire
_b: novela /
_cFrank G. Slaughter ; [traducción del inglés por Eliseo Rodríguez].
250 _a1ª ed.
260 _aBarcelona :
_bPlaneta,
_c1953 (
_fGrafiemsa)
300 _a368 p. ;
_c19 cm.
700 1 _aRodríguez, Eliseo.
_998230
852 _aES-MaACL
_jC-6334
_bR.35288
999 _c144794
_d144794